00241nam a2200109Ia 4500008004100000100001500041245002900056260000800085260000900093546001200102999001700114170619s9999 xx 000 0 und d aSaha- S.K. 0aIntroduction to Robotics bTMH c2010 aENGLISH c20552d20552